000 01263pam a2200349 a 4500
001 2942
003 FISKH
005 20241106153912.0
008 950209s1995 nyu j 000 1 eng
010 _a 95007091
020 _a0385321759
020 _a9780590690140
040 _aDLC
_cDLC
_dDLC
_beng
042 _alcac
050 0 0 _aPZ7.C94137
_bWat 1995
082 0 0 _a[Fic]
_220
100 1 _aCurtis, Christopher Paul.
245 1 4 _aThe Watsons go to Birmingham--1963 /
_ca novel by Christopher Paul Curtis.
250 _aFirst Scholastic printing, January 1998
260 _aNew York :
_bScholastic,
_c1995.
300 _a210 pages ;
_c20 cm
520 _aThe ordinary interactions and everyday routines of the Watsons, an African American family living in Flint, Michigan, are drastically changed after they go to visit Grandma in Alabama in the summer of 1963.
586 _aNewbery Honor Book, 1996
650 0 _aAfrican Americans
_vJuvenile fiction.
650 1 _aAfrican Americans
_vFiction.
650 1 _aFamily life
_vFiction.
650 1 _aPrejudices
_vFiction.
650 1 _aSiblings
_vFiction.
651 1 _aFlint (Mich.)
_xHIstory
_y20th century
_vFiction.
906 _a7
_bcbc
_corignew
_d1
_eocip
_f19
_gy-gencatlg
942 _2ddc
_cBK
_n0
999 _c2942
_d2942